=LDR 00000nam 2200000 4500 =001 INLIS000000000001754 =005 20130612090140 =008 ***********************************Ind** =035 ##$$0010-061300000001754 =041 ##$$a Ind =082 ##$$a 510 =090 ##$$a 510, Mar d =100 ##$$a Martono, Koko =245 ##$$a Dasar-dasar matematika untuk SMTA, Konsep dasar dan rumus-rumus matematika disertai terapannya pada penyelesaian soal-soal, Drs. Koko Martono =260 ##$$a 1984 $b Bandung =300 ##$$a xvii,186 hlm, ilus, 21 cm =650 ##$$a Matematika =850 ##$$a NBPNMAT